| 000 | 00621nam a22001817a 4500 | ||
|---|---|---|---|
| 010 | _a1718CH-EN | ||
| 020 |
_a9781846883927 _c299.00 |
||
| 035 | _aB-672925-940 | ||
| 037 |
_aDPL _bPragati |
||
| 082 | _aS | ||
| 100 | _aMurray, E.R. | ||
| 245 |
_aCaramel Hearts / _cby E.R. Murray |
||
| 260 |
_aLondon _bAlma Books _c2016 |
||
| 270 |
_a3 Castle Yard, Richmond, Surrey TW10 6TF _bUnited Kingdom |
||
| 300 |
_a339p. _c19cm(pbk) |
||
| 942 |
_2ddc _cCH _mMUR _hS |
||
| 999 |
_c141499 _d141499 |
||